000
00331nam a22001457a 4500
008
230327b ||||| |||| 00| 0 eng d
020
_a
1884735975
041
_a
eng
080
_2
SECOND EDITION
_a
61
082
_a
61
100
_a
8
101
_a
MJEKSI
245
_a
MEDICAL MANAGEMENT OF GLAUCOMA
_c
TSAI.C.J
942
_2
udc
_c
BK
999
_c
59457
_d
59457